Curso básico de derecho agrario : doctrina, legislación y jurisprudencia /
Contiene: Introducción al estudio del derecho agrario; Ubicación del derecho agrario; El artículo 27 constitucional; El ejido en la Ley Agraria; Expropiación y reversión de tierras; La comunidad en la Ley Agraria; Colonias y terrenos nacionales; Formas de organización para la producción y su constit...
Guardado en:
| Hovedforfatter: | |
|---|---|
| Format: | Bog |
| Sprog: | spansk |
| Udgivet: |
México :
Pac,
2001, c2001
|
| Fag: | |
| Tags: |
Ingen Tags, Vær først til at tagge denne postø!
|
MARC
| LEADER | 00000nam^a2200000^a^4500 | ||
|---|---|---|---|
| 001 | 000124578 | ||
| 005 | 20250521000000.0 | ||
| 009 | 20260310094618.421 | ||
| 020 | |a 970-646-223-6 | ||
| 037 | |a Acervo ITESO - Biblioteca | ||
| 041 | |a ESP | ||
| 082 | |a 343. 72076 |b MUÑ | ||
| 100 | |a Muñoz López, Aldo Saúl |e (autor) | ||
| 245 | 1 | 0 | |a Curso básico de derecho agrario : |b doctrina, legislación y jurisprudencia / |c A.S. Muñoz López ; pról. de Luis Angel López Escutia. |
| 264 | 4 | |a México : |b Pac, |c 2001, c2001 | |
| 300 | |a 568 p. | ||
| 336 | |a texto |b txt |2 rdacontenido | ||
| 337 | |a sin mediación |b n |2 rdamedio | ||
| 338 | |a volumen |b nc |2 rdasoporte | ||
| 520 | |a Contiene: Introducción al estudio del derecho agrario; Ubicación del derecho agrario; El artículo 27 constitucional; El ejido en la Ley Agraria; Expropiación y reversión de tierras; La comunidad en la Ley Agraria; Colonias y terrenos nacionales; Formas de organización para la producción y su constitución; Propiedad privada; Procuraduría Agraria y Registro Agrario Nacional. | ||
| 649 | |a XX | ||
| 650 | |a Tenencia de la Tierra - |z México - |x Aspectos Jurídicos | ||
| 650 | |a Derecho Agrario - |z México | ||
| 650 | |a Derecho Público - |z México | ||
| 910 | |a Fondo General | ||
| 920 | |a Impresos - Libros | ||
| 930 | |a Colección General | ||
| 905 | |a 101 | ||
| 901 | |a 0500057847 |b IT1 |c ACC |u 20250521 | ||
| 902 | |a https://opac.biblio.iteso.mx/vufind/Record/000124578 | ||